LEADER 01342nam a2200265 i 4500 001 000000048710 003 CaOOAMICUS 005 20250527102818.0 008 040622s1990 it u000 u ita u 013 $a19880 040 $aSeMil$bita 245 12$aL'arte del sacro :$bmanifestazioni popolari e culto nel territorio di Magenta /$ca cura di Eugenio Mario Guglielmi ; in collaborazione con la Commissione Cultura della Parrocchia S. Martino di Magenta. 260 $aMagenta :$bParrocchia S. Martino,$ccopyr. 1990. 300 $a345 p. :$briccamente ill. ;$c29 cm. 500 $aContiene : Bibliografia generale. 650 4$aImmagini sacre.$0(OLS)http://semarc/subject/6118 650 4$aMagenta - Storia religiosa.$0(OLS)http://semarc/subject/57639 700 1 $aGuglielmi, Eugenio.$0(OLS)http://semarc/name/17027 710 0 $aParrocchia S. Martino : Commissione Cultura.$0(OLS)http://semarc/name/24120 850 $aSeMil 852 $aSeMil$W1$xVenegono$y1$m5Q XI 11$j14865$B14865$CSeMilBibl$Z2$F14865 $8I 961 $aOmaggio: Poma mons. Gianfranco 996 $6245$aL'arte del sacro :$bmanifestazioni popolari e culto nel territorio di Magenta$9(OLS)http://semarc/title/73755 996 $6260$aMagenta :$bParrocchia S. Martino$9(OLS)http://semarc/publisher/41053 LEADER 01485nam a2200313 i 4500 001 000000071645 003 CaOOAMICUS 005 20251015100224.0 008 090505s1999 it u000 u ita u 013 $a42817 020 $a88-350-9706-1 040 $aSeMil$bita 100 1 $aAcerbi, Antonio <1935-2004>.$0(OLS)http://semarc/name/15858 245 10$aCattolici, educazione e trasformazioni socio-culturali in Italia tra Otto e Novecento /$cA. Acerbi ... [et al.] ; a cura di Luciano Pazzaglia. 260 $aBrescia :$bLa Scuola,$c1999. 300 $a718 p. ;$c21 cm. 490 0 $aPaedagogica : testi e studi storici 500 $aRelazioni presentate al Convegno tenuto a Brescia nel 1996. 650 4$aEducazione - Concezione cristiana - 1870-1918.$0(OLS)http://semarc/subject/14357 650 4$aChiesa e scuola - Italia.$0(OLS)http://semarc/subject/14539 700 1 $aPazzaglia, Luciano,$d<1937- >.$0(OLS)http://semarc/name/4194 830 0$aPaedagogica : testi e studi storici.$0(OLS)http://semarc/title/616 850 $aSeMil 852 $aSeMil$W1$xVenegono$y1$m3V II 444$j263248$B37798$CSeMilBibl$Z2$F37801 $81 961 $aAcquisto: Mescat 996 $6020$a88-350-9706-1$9(OLS)http://semarc/number/50772 996 $6245$aCattolici, educazione e trasformazioni socio-culturali in Italia tra Otto e Novecento$9(OLS)http://semarc/title/115283 996 $6260$aBrescia :$bLa Scuola$9(OLS)http://semarc/publisher/29831